| 000 | 00485cam a2200181ua 4500 | ||
|---|---|---|---|
| 020 | _a81-203-0794-1 | ||
| 041 |
_aeng _h |
||
| 082 |
_a658.562 _bHAN/QU |
||
| 100 | _aHansen, Bertrand L . | ||
| 245 |
_aQuality control and applicaiton / _cBertrand L Hansen. _hTextual Documents |
||
| 250 |
_a1 / _b. |
||
| 260 |
_aNew Delhi : _bPrentice Hall of India Pvt Ltd. , _c1997. |
||
| 300 | _a546 ; . | ||
| 504 | _a | ||
| 700 | 1 | _aGhare, Prabhakar M. | |
| 942 | _cBK | ||
| 999 |
_c6726 _d6726 |
||